| 000 | 01295pam a2200337 a 4500 | ||
|---|---|---|---|
| 999 |
_c527934 _d527934 |
||
| 001 | 1559668 | ||
| 003 | NUST | ||
| 005 | 20190822091203.0 | ||
| 008 | 920429s1993 maua 001 0 eng | ||
| 010 | _a 92017344 | ||
| 020 | _a0534931588 | ||
| 038 | _aM.Ramzan | ||
| 040 |
_aDLC _cDLC _dDLC |
||
| 050 | 0 | 0 |
_aQA371 _b.Z55 1993 |
| 082 | 0 | 0 |
_a515.35 _220 _bZIL |
| 100 | 1 |
_aZill, Dennis G., _d1940- _94603 |
|
| 245 | 1 | 0 |
_aDifferential equations with boundary-value problems / _cDennis G. Zill. |
| 250 |
_a3rd ed. / _bMichael R. Cullen. |
||
| 260 |
_aBoston : _bPWS-KENT, _cc1993. |
||
| 300 |
_a1 v. (various pagings) : _bill. (some col.) ; _c24 cm. |
||
| 440 | 4 |
_aThe Prindle, Weber & Schmidt series in mathematics _919448 |
|
| 500 | _aIncludes index. | ||
| 650 | 0 |
_aDifferential equations. _9688 |
|
| 650 | 0 |
_aBoundary value problems. _9689 |
|
| 700 | 1 |
_aCullen, Michael R. _910574 |
|
| 856 | 4 | 2 |
_3Contributor biographical information _uhttp://www.loc.gov/catdir/enhancements/fy1515/92017344-b.html |
| 856 | 4 | 2 |
_3Publisher description _uhttp://www.loc.gov/catdir/enhancements/fy1515/92017344-d.html |
| 906 |
_a7 _bcbc _corignew _d1 _eocip _f19 _gy-gencatlg |
||
| 942 |
_2ddc _cBK |
||